Essentials of entrepreneurship and small business management (Record no. 7522)
[ view plain ]
| 000 -LEADER | |
|---|---|
| fixed length control field | 00732nam a22002177a 4500 |
| 003 - CONTROL NUMBER IDENTIFIER | |
| control field | OSt |
| 005 - DATE AND TIME OF LATEST TRANSACTION | |
| control field | 20211123161715.0 |
| 008 - FIXED-LENGTH DATA ELEMENTS--GENERAL INFORMATION | |
| fixed length control field | 211123b ||||| |||| 00| 0 eng d |
| 020 ## - INTERNATIONAL STANDARD BOOK NUMBER | |
| International Standard Book Number | 0273779737, 9780273779735 |
| 040 ## - CATALOGING SOURCE | |
| Transcribing agency | DDC |
| 082 ## - DEWEY DECIMAL CLASSIFICATION NUMBER | |
| Edition number | 6th ed. |
| Classification number | 658.421 .SCA 2013 |
| 100 ## - MAIN ENTRY--PERSONAL NAME | |
| Personal name | Scarborough Norman M. |
| 9 (RLIN) | 15392 |
| 245 ## - TITLE STATEMENT | |
| Title | Essentials of entrepreneurship and small business management |
| 260 ## - PUBLICATION, DISTRIBUTION, ETC. (IMPRINT) | |
| Place of publication, distribution, etc. | Boston: |
| Name of publisher, distributor, etc. | Pearson; |
| Date of publication, distribution, etc. | 2013, |
| 300 ## - PHYSICAL DESCRIPTION | |
| Extent | xvi, 703 p. : |
| Other physical details | ill.(chiefly col.) ; |
| Dimensions | 28 cm. |
| 504 ## - BIBLIOGRAPHY, ETC. NOTE | |
| Bibliography, etc | Includes bibliographical references and index. |
| 650 ## - SUBJECT ADDED ENTRY--TOPICAL TERM | |
| Topical term or geographic name as entry element | New business enterprises -- Management. |
| 9 (RLIN) | 15393 |
| 650 ## - SUBJECT ADDED ENTRY--TOPICAL TERM | |
| Topical term or geographic name as entry element | Small business -- Management. |
| 9 (RLIN) | 11427 |
| 650 ## - SUBJECT ADDED ENTRY--TOPICAL TERM | |
| Topical term or geographic name as entry element | Entrepreneuership |
| 9 (RLIN) | 6831 |
| 942 ## - ADDED ENTRY ELEMENTS (KOHA) | |
| Source of classification or shelving scheme | Dewey Decimal Classification |
| Koha item type | Book |
| Withdrawn status | Lost status | Source of classification or shelving scheme | Damaged status | Not for loan | Home library | Current library | Date acquired | Source of acquisition | Inventory number | Total Checkouts | Full call number | Barcode | Date last seen | Price effective from | Koha item type |
|---|---|---|---|---|---|---|---|---|---|---|---|---|---|---|---|
| Dewey Decimal Classification | Faculty of Management Science Library | Faculty of Management Science Library | 23/11/2021 | Purchase | 15/016 | 658.421 .SCA 2013 | 2021-1845 | 23/11/2021 | 23/11/2021 | Book | |||||
| Dewey Decimal Classification | Faculty of Management Science Library | Faculty of Management Science Library | 23/11/2021 | Purchase | 15/017 | 658.421 .SCA 2013 | 2021-1846 | 23/11/2021 | 23/11/2021 | Book | |||||
| Dewey Decimal Classification | Faculty of Management Science Library | Faculty of Management Science Library | 23/11/2021 | Purchase | 15/014 | 658.421 .SCA 2013 | 2021-1847 | 23/11/2021 | 23/11/2021 | Book | |||||
| Dewey Decimal Classification | Faculty of Management Science Library | Faculty of Management Science Library | 23/11/2021 | Purchase | 15/015 | 658.421 .SCA 2013 | 2021-1848 | 23/11/2021 | 23/11/2021 | Book | |||||
| Dewey Decimal Classification | Faculty of Management Science Library | Faculty of Management Science Library | 23/11/2021 | Purchase | 15/018 | 658.421 .SCA 2013 | 2021-1849 | 23/11/2021 | 23/11/2021 | Book |
